<?xml version="1.0" encoding="UTF-8"?>
<marc:record xmlns:marc="http://www.loc.gov/MARC21/slim">
   <marc:leader>00000nam a2200000 a 4500</marc:leader>
   <marc:datafield ind1="1" ind2=" " tag="100">
      <marc:subfield code="a">Morris, Neil</marc:subfield>
      <marc:subfield code="4">aut</marc:subfield>
      <marc:subfield code="e">Verfasser/-in</marc:subfield>
   </marc:datafield>
   <marc:datafield ind1=" " ind2=" " tag="653">
      <marc:subfield code="a">Steinzeitmenschen</marc:subfield>
   </marc:datafield>
   <marc:datafield ind1=" " ind2=" " tag="653">
      <marc:subfield code="a">Steine</marc:subfield>
   </marc:datafield>
   <marc:datafield ind1=" " ind2=" " tag="653">
      <marc:subfield code="a">Werkzeuge</marc:subfield>
   </marc:datafield>
   <marc:datafield ind1=" " ind2=" " tag="653">
      <marc:subfield code="a">Höhlenmalerei</marc:subfield>
   </marc:datafield>
   <marc:datafield ind1=" " ind2=" " tag="653">
      <marc:subfield code="a">Jagd</marc:subfield>
   </marc:datafield>
   <marc:datafield ind1=" " ind2=" " tag="653">
      <marc:subfield code="a">Frühere Erkenntnisse</marc:subfield>
   </marc:datafield>
   <marc:datafield ind1="0" ind2="0" tag="245">
      <marc:subfield code="a">Die Urgeschichte</marc:subfield>
   </marc:datafield>
   <marc:datafield ind1="0" ind2="0" tag="245">
      <marc:subfield code="c">Morris, Neil</marc:subfield>
   </marc:datafield>
   <marc:datafield ind1=" " ind2="1" tag="264">
      <marc:subfield code="a">Nürnberg</marc:subfield>
      <marc:subfield code="b">Tessloff</marc:subfield>
      <marc:subfield code="c">2004</marc:subfield>
   </marc:datafield>
   <marc:datafield ind1="1" ind2=" " tag="490">
      <marc:subfield code="a">Alltagsleben damals</marc:subfield>
   </marc:datafield>
   <marc:datafield ind1="1" ind2=" " tag="520">
      <marc:subfield code="a">Wie ist die Menschheit vor Tausenden von Jahren entstanden? Wie lebten die Neandertaler? Wie kam die Kunst an die Höhlenwand? Die Urgeschichte beschreibt die Entwicklung des Urmenschen und zeigt den Alltag, die Kultur und die Lebensweise unserer Urahnen. Der Band aus der Reihe 'Alltagsleben damals' behandelt die Vorgeschichte der Menschheit bis zu den ersten Hochkulturen. Dabei geht er ausführlich auf die Vorformen der heutigen Menschen ein und stellt die wenigen sicheren Fakten vor. Die ästhetisch ansprechenden, z.T. großformatigen Illustrationen (v.a. vierfarbige Zeichnungen und Fotos) werden durch mehrere Aufdeckfolien ergänzt. Zusammen mit den knappen, abgesehen von den zahlreichen verwendeten Fachbegriffen gut verständlichen Texten vermitteln sie ein sachlich korrektes, anschauliches Bild vom Alltag in der Vor- und Urgeschichte. Nach den tiernahen menschlichen Anfängen geht es u.a. um die Entwicklung der Sprache, den Ackerbau, die Behausungen und die frühe Kunst. Daneben behandelt der Band das soziale Zusammenleben in größeren Siedlungen. Immer wieder wird auf die Grenzen des derzeitigen Wissens und die Methoden der modernen Forschung hingewiesen. Insgesamt ein überzeugender Band, der auf die Interessen etwa 10-12-Jähriger eingeht und ihre Fragen sachlich beantwortet.</marc:subfield>
   </marc:datafield>
   <marc:datafield ind1=" " ind2=" " tag="020">
      <marc:subfield code="a">9783788613457</marc:subfield>
      <marc:subfield code="9">9783788613457</marc:subfield>
   </marc:datafield>
   <marc:datafield ind1=" " ind2=" " tag="020">
      <marc:subfield code="a">3788613459</marc:subfield>
      <marc:subfield code="9">3788613459</marc:subfield>
   </marc:datafield>
   <marc:datafield ind1=" " ind2=" " tag="041">
      <marc:subfield code="a">ger</marc:subfield>
   </marc:datafield>
   <marc:datafield ind1=" " ind2=" " tag="300">
      <marc:subfield code="b">überw. III.</marc:subfield>
   </marc:datafield>
   <marc:datafield ind1=" " ind2=" " tag="338">
      <marc:subfield code="a">Band</marc:subfield>
   </marc:datafield>
   <marc:datafield ind1=" " ind2=" " tag="300">
      <marc:subfield code="a">46 S.</marc:subfield>
   </marc:datafield>
</marc:record>
